| 000 | 01122nam a2200241Ia 4500 | ||
|---|---|---|---|
| 003 | OSt | ||
| 005 | 20200804163928.0 | ||
| 008 | 191128s2014 ck abd gr 000 0 spa d | ||
| 020 | _a9789587384901 | ||
| 040 |
_aCO-JMCR _cCO-JMCR |
||
| 041 | 0 | _aspa | |
| 082 | 0 | 4 |
_a364.168 / _bM385s _223 |
| 100 | 1 |
_aMartinez Sanchez, Wilson Alejandro, _eeditor _98379 |
|
| 245 | 1 | 0 |
_aSíntesis y reflexiones sobre el sistema antilavado de activos y contra la financiación del terrorismo en Colombia / _cEditor académico Wilson Alejandro Martínez Sánchez |
| 260 |
_aBogotá : _bUniversidad del Rosario, _c2014. |
||
| 300 |
_axiii, 139 páginas : _bgráficos, mapas a color ; _c24 cm. |
||
| 490 | 0 | _aColección textos de Jurisprudencia | |
| 505 | 0 | _aLa medición del riesgo de lavado de activos en Colombia -- Actores del sistema y política pública antilavado de activos y contra la financiación del terrorismo -- Estudio de sentencias sobre lavado de activos proferidas entre los años 2005 y 2013 | |
| 650 | 2 | 4 |
_aDerecho penal _93455 |
| 650 | 2 | 4 |
_aLavado de dinero _98380 |
| 650 | 2 | 4 |
_aCriminología _98381 |
| 942 |
_2ddc _cBK |
||
| 999 |
_c4750 _d4750 |
||